El desarrollo de América Latina y sus repercusiones en la educación. alfabetismo y escolaridad básica.

Bibliographic Details
Main Author: Comisión Económica para América Latina y el Caribe
Corporate Author: CEPAL
Format: Libro
Language:English
Published: Santiago, Chile CEPAL 1982
Series:Cuadernos de la CEPAL 41
Subjects:

MARC

LEADER 00000cam a2200000 a 4500
001 027757
003 UAHC_CL
005 20170803122839.0
008 010822b xx j 000 1 eng
040 |a UAHC_CL  |c UAHC_CL  |d UAHC_CL 
082 0 4 |a CEPAL 028-1285 
100 1 |a Comisión Económica para América Latina y el Caribe 
110 0 |a CEPAL 
245 1 3 |a El desarrollo de América Latina y sus repercusiones en la educación. alfabetismo y escolaridad básica. 
260 |b CEPAL  |c 1982  |a Santiago, Chile 
300 |a 253 p. 
490 0 |a Cuadernos de la CEPAL  |v 41 
650 4 |a DESARROLLO ECONOMICO  |z AMERICA LATINA 
650 4 |a EDUCACION 
900 |a CEPAL 028-1285 
942 |c BK 
952 |0 0  |1 0  |4 0  |6 CEPAL_0281285  |7 0  |8 General  |9 55222  |a BC  |b BC  |c General  |d 2017-08-03  |l 0  |o CEPAL 028-1285  |p 1314056  |r 2019-12-02 00:00:00  |t 1  |w 2017-08-03  |y BK 
999 |c 27757  |d 27757